| 000 | 00403nab a2200145Ia 4500 | ||
|---|---|---|---|
| 003 | ES-SlBCS | ||
| 005 | 20210601144843.0 | ||
| 008 | 140529s1968 xxu||||| |||| 00| 0 spa d | ||
| 041 | _aspa | ||
| 100 | 1 |
_aGodoy, Emma _9220435 |
|
| 245 | 0 | 0 |
_aCualidad y cantidad _c Emma Godoy |
| 600 | 1 | 4 |
_aHegel-Lógica _9159116 |
| 773 | 0 |
_tRevista de Filosofia _gvol. 1, nº. 3, 1968, págs. 53-59 _wRev693 |
|
| 942 | _cAR | ||
| 999 |
_c715429 _d715429 |
||